Statistics for Countries that have/is a U.S. state biggest Sources of Immigration

Click here to take the quiz!

General Stats

  • This quiz has been taken 97 times
    (54 since last reset)
  • The average score is 18 of 26

Answer Stats

YearStateCountry% Correct
1860sCaliforniaChina/Mongolia/Taiwan
94%
1850sCaliforniaMexico
91%
1850sTexasGermany
89%
1910sNew YorkRussia/USSR
87%
1870sColorado*United Kingdom
87%
1910sHawaii*Japan
85%
1900sLouisianaItaly
83%
2000sOhioIndia
81%
1990sVirginiaSouth Korea
79%
1880sFloridaCuba
79%
1980sLouisianaVietnam
79%
1900sMinnesotaSweden
79%
1930sSouth CarolinaPoland
77%
1850sVermontCanada
77%
1850sNew YorkIreland
74%
1960sHawaiiPhilippines
72%
1900sNorth DakotaNorway
72%
1950sSouth CarolinaGreece
66%
1990sNew YorkDominican Republic
66%
1980sDistrict of ColumbiaJamaica
57%
1910sPennsylvaniaAustria
55%
1990sMassachusettsPortugal
55%
1990sDistrict of ColumbiaEl Salvador
36%
2010sSouth DakotaEthiopia
32%
1990sMinnesotaLaos
30%
1860sFloridaBahamas
19%

Score Distribution

Percentile by Number Answered

Percent of People with Each Score

Your Score History

You have not taken this quiz since the last reset